书目信息 |
| 书名: | The analysis and design of linear circuits | |
| 作者: | Roland E.Thomas. | |
| 分册号: | ||
| 分册名: | 出版地: | Englewood Cliffs, N.J : |
|
| 出版社: | Prentice Hall | |
| 出版时间: | 1998. | |
| 页数: | 960 p. ; | |
| 开本: | 24cm. | |
| 丛书名: | ||
| 中图分类号: | ||
| 科图分类号: | ||
| 其他分类号: | TM131 | |
| 主题词: | ||
| 电子资源: | ||
| 000 | 00426nam 2200145 a 4500 | |
| 001 | E0435112837 | |
| 005 | 2004121709451282 | |
| 008 | 041217s1998 00010 eng | |
| 020 | @a0-135-35279-7 :@cRMB 12.00. | |
| 040 | @aPFT@beng | |
| 090 | @aTM131 | |
| 099 | @dTM131@eT461 | |
| 245 | @aThe analysis and design of linear circuits / @cRoland E.Thomas. | |
| 260 | @aEnglewood Cliffs, N.J :@bPrentice Hall,@c1998. | |
| 300 | @a960 p. ;@c24cm. | |
| The analysis and design of linear circuits / / Roland E.Thomas.-Englewood Cliffs, N.J : : Prentice Hall, , 1998. |
| 960 p. ; ; 24cm. |
| ISBN 0-135-35279-7 :RMB 12.00. |
| ● |
| 相关链接 |
|
|
|
正题名:The analysis and design of linear circui
索取号:TM131/T461
 
预约/预借
| 序号 | 登录号 | 条形码 | 馆藏地/架位号 | 状态 | 备注 |
| 1 | 04481 | 300044814 | 自科库301/400A自科库 36排3列4层/ [索取号:TM131/T461] | 在馆 |